[Event "Catalunya-ch"]
[Site "Barcelona"]
[Date "2014.05.10"]
[Round "4.2"]
[White "Vila Gazquez, Xavier"]
[Black "Asis Gargatagli, Hipolito"]
[Result "0-1"]
[WhiteElo "2471"]
[BlackElo "2460"]
[PlyCount "88"]
[EventDate "2014.05.03"]
[EventType "k.o."]
[EventRounds "4"]
[EventCountry "ESP"]
[SourceTitle "CBM 160 Extra"]
[Source "ChessBase"]
[SourceDate "2014.07.01"]
[SourceVersion "1"]
[SourceVersionDate "2014.07.01"]
[SourceQuality "1"]

1. Nf3 Nf6 2. g3 b6 3. Bg2 Bb7 4. 0-0 c5 5. c4 e6 6. d4 cxd4 7. Nxd4 Bxg2 8. Kxg2 Qc8 9. b3 h5 10. h4 a6 11. Kg1 Ng4 12. Nf3 Nc6 13. Ba3 Bxa3 14. Nxa3 Qc7 15. Qd2 Rh6 16. Rad1 Ke7 17. Nc2 Rg6 18. Ncd4 Nd8 19. e4 f6 20. Rfe1 Ne5 21. Qb4+ Qc5 22. Qc3 Ndf7 23. Nxe5 fxe5 24. Nc2 Rf6 25. Qd2 d6 26. Ne3 Rg8 27. b4 Qc7 28. c5 dxc5 29. bxc5 bxc5 30. Ng2 g5 31. Re2 gxh4 32. Nxh4 Rf4 33. Kh2 Rfg4 34. Qc3 Ng5 35. Rde1 Qd6 36. Qc2 Rxh4+ 37. gxh4 Nf3+ 38. Kh3 Nxe1 39. Rxe1 Rd8 40. Re3 Qd4 41. Rc3 Rf8 42. Rxc5 Rxf2 43. Qc3 Qxe4 44. Rc7+ Kf6 0-1

[Event "Catalunya-ch"]
[Site "Barcelona"]
[Date "2014.05.09"]
[Round "4.1"]
[White "Asis Gargatagli, Hipolito"]
[Black "Vila Gazquez, Xavier"]
[Result "0-1"]
[WhiteElo "2460"]
[BlackElo "2471"]
[PlyCount "70"]
[EventDate "2014.05.03"]
[EventType "k.o."]
[EventRounds "4"]
[EventCountry "ESP"]
[SourceTitle "CBM 160 Extra"]
[Source "ChessBase"]
[SourceDate "2014.07.01"]
[SourceVersion "1"]
[SourceVersionDate "2014.07.01"]
[SourceQuality "1"]

1. e4 c5 2. Nf3 e6 3. d3 Nc6 4. g3 g6 5. Bg5 f6 6. Bd2 Nge7 7. Bg2 Bg7 8. 0-0 d5 9. exd5 exd5 10. Re1 0-0 11. Nc3 Bg4 12. h3 Bd7 13. a3 Rc8 14. b4 b6 15. Qb1 Be8 16. h4 Bf7 17. Ne2 Ne5 18. d4 Nc4 19. Bc3 cxb4 20. axb4 Qd7 21. Nf4 Bh6 22. Bh3 Nf5 23. Nd3 Be6 24. Qa2 Rc7 25. Qa4 Qxa4 26. Rxa4 Bd7 27. Ra2 Nxh4 28. Nxh4 Bxh3 29. b5 Kf7 30. Nb4 Be6 31. Rea1 Ra8 32. Na6 Rb7 33. Bb4 Bd7 34. Be1 Bxb5 35. Nb4 Rd7 0-1